Internal combustion engines (Record no. 24482)

000 -LEADER
fixed length control field 00576nam a22002051 4500
001 - CONTROL NUMBER
control field 24482
003 - CONTROL NUMBER IDENTIFIER
control field BD-DhUET
008 - FIXED-LENGTH DATA ELEMENTS--GENERAL INFORMATION
fixed length control field 681231s1968 paua b 001 0 eng
040 ## - CATALOGING SOURCE
Original cataloging agency DLC
Transcribing agency DLC
Modifying agency BD-DhUET
082 00 - DEWEY DECIMAL CLASSIFICATION NUMBER
Classification number 621.43
Item number OBE/1968
100 ## - MAIN ENTRY--PERSONAL NAME
Personal name Obert, Edward F.
245 10 - TITLE STATEMENT
Title Internal combustion engines
250 ## - EDITION STATEMENT
Edition statement 3rd ed.
260 ## - PUBLICATION, DISTRIBUTION, ETC. (IMPRINT)
Place of publication, distribution, etc. Scranton
Name of publisher, distributor, etc. International Textbook
Date of publication, distribution, etc. 1968
300 ## - PHYSICAL DESCRIPTION
Extent xiii, 736p.
Other physical details illus
490 0# - SERIES STATEMENT
Series statement International textbooks in mechanical engineering
504 ## - BIBLIOGRAPHY, ETC. NOTE
Bibliography, etc Includes bibliographies
650 #0 - SUBJECT ADDED ENTRY--TOPICAL TERM
Topical term or geographic name as entry element Internal combustion engines
942 ## - ADDED ENTRY ELEMENTS (KOHA)
Koha item type General Book
Holdings
Shelving location Koha normalized classification for sorting Koha issues (times borrowed) Koha item type Copy number Koha date last borrowed Piece designation (barcode) Damaged status Not for loan Location (home branch) Price effective from Koha full call number Source of classification or shelving scheme Lost status Koha date last seen Sublocation or collection (holding branch) Date acquired Withdrawn status
Circulation section621_430000000000000_OBE_19682General Book12019-09-2819063  Central Library, BUET2015-05-09621.43/OBE/1968  2019-11-18Central Library, BUET2015-05-09 
Reading section621_430000000000000_OBE_1968 General Book2 32007  Central Library, BUET2015-06-16621.43/OBE/1968  2015-06-16Central Library, BUET2015-06-16 
Reading section621_430000000000000_OBE_1968 Reading Item3 40437  Central Library, BUET2015-06-16621.43/OBE/1968  2015-06-16Central Library, BUET2015-06-16 
Reading section621_430000000000000_OBE_1968 Reading Item4 19060  Central Library, BUET2015-06-23621.43/OBE/1968  2015-06-23Central Library, BUET2015-06-23 
Reading section621_430000000000000_OBE_1968 Reading Item5 32117  Central Library, BUET2015-07-03621.43/OBE/1968  2015-07-03Central Library, BUET2015-07-03